000 00575cab a2200193 4500
001 WB2613-33
008 090401t1990 xxu||||| |||| 00| 0 eng d
035 _a(Sirsi) u22867
041 _aeng
245 _aForm for changes to Rating List
260 _c1990
350 _a0
490 _aOyez Forms Information Service
_vno 7/1990 March 1990 2 pages
520 _aThe VO have provided a new form for property occupiers or owners proposing changes to the Rating List .
650 _aALTERATIONS
690 _aRATING AND VALUATION
942 _n0
948 _c04/03/1997
999 _c15331
_d15331